Динамические режимы работы электрических машин переменного тока : (Record no. 339633)
[ view plain ]
| 000 -LEADER | |
|---|---|
| fixed length control field | 00822nam a2200193 a 4500 |
| 001 - CONTROL NUMBER | |
| control field | 001036806 |
| 003 - CONTROL NUMBER IDENTIFIER | |
| control field | AM-YeHGA |
| 005 - DATE AND TIME OF LATEST TRANSACTION | |
| control field | 20250617150838.0 |
| 008 - FIXED-LENGTH DATA ELEMENTS--GENERAL INFORMATION | |
| fixed length control field | 140911s1975 ||| r 000 0 rus d |
| 040 ## - CATALOGING SOURCE | |
| Original cataloging agency | AM-YeHGA |
| 041 0# - LANGUAGE CODE | |
| Language code of text/sound track or separate title | rus |
| 090 ## - LOCALLY ASSIGNED LC-TYPE CALL NUMBER (OCLC); LOCAL CALL NUMBER (RLIN) | |
| -- | 341415 |
| 245 00 - TITLE STATEMENT | |
| Title | Динамические режимы работы электрических машин переменного тока : |
| Remainder of title | (Тезиы докладов) / |
| Statement of responsibility, etc. | Смоленск. фил. Моск. энергетич. ин-та; Под ред. И.П. Копылова. |
| 260 ## - PUBLICATION, DISTRIBUTION, ETC. | |
| Place of publication, distribution, etc. | Смоленск : |
| Name of publisher, distributor, etc. | Б. и., |
| Date of publication, distribution, etc. | 1975. |
| 300 ## - PHYSICAL DESCRIPTION | |
| Extent | 140 с. |
| 653 0# - INDEX TERM--UNCONTROLLED | |
| Uncontrolled term | Электротехника |
| 700 1# - ADDED ENTRY--PERSONAL NAME | |
| Personal name | Копылов, И.П. |
| Numeration | ред. |
| Titles and other words associated with a name | edt |
| 710 2# - ADDED ENTRY--CORPORATE NAME | |
| Corporate name or jurisdiction name as entry element | Московский энергетический институт |
| Subordinate unit | Смоленский филиал |
| Withdrawn status | Lost status | Source of classification or shelving scheme | Damaged status | Not for loan | Collection | Home library | Current library | Date acquired | Total checkouts | Full call number | Barcode | Date last seen | Price effective from | Koha item type | Public note |
|---|---|---|---|---|---|---|---|---|---|---|---|---|---|---|---|
| Universal Decimal Classification | General | Fundamental Scientific Library | Fundamental Scientific Library | 09/01/2017 | PII/353182 | FL0306143 | 09/01/2017 | 09/01/2017 | Գրքեր / Books | 30 Days Loan |
ՀՀ Գիտությունների ազգային ակադեմիայի հիմնարար գիտական գրադարան = Fundamental Scientific Library of NAS RA
All site content, except where otherwise noted, is licensed under a